Encuadernación práctica /

Guardado en:
Autor Principal: Schmidtm, Heinz
Formato: Libro
Publicado: Buenos Aires : Santillana, 1963
Materias:
Etiquetas: Agregar Etiqueta
Sin Etiquetas, Sea el primero en etiquetar este registro!
LEADER 00430nam a22001575a 4500
001 CEM.cems005891
005 20060214000000.0
008 130507s1963##################000#0#####d
003 CEMS
082 0 4 |a 655.42 
100 1 |a Schmidtm, Heinz 
245 1 0 |a Encuadernación práctica / 
260 |a Buenos Aires :  |b Santillana,  |c 1963 
300 |a 96 p. 
653 |a Encuadernacion 
859 |a CEMS  |b BIB. CEMS - 11 de abril  |h 655.42  |i SCH52  |p 6824.79  |t Ej.1